000 00637nam a22002537a 4500
001 BR6500347
003 BR-BrBNA
005 20230928083429.0
007 ta
008 230509b bl.||||| |||| 00| 0 por d
040 _aBR-BrBNA
_bpor
_cBiblioteca Nacional de Agricultura
041 _a(Por)
072 _aF01
_b1160
090 _ 1160 BR6500347
110 1 _aPrefeitura Municipal da Parnaiba, PI (Brasil)
_97859
245 1 _aCaju
260 3 _aParnaiba, PI (Brasil):
_c1965.
300 _a14 p.
500 _a16 ref.
650 _aCAJU
650 _aPRATICA CULTURAL
909 _a202309
_bLucia
_c55
_dLucia Elande
942 _cBK
999 _c13436
_d13436